Dynamics of flight : (Record no. 594203)

000 -LEADER
fixed length control field 01136pam a2200301 a 4500
001 - CONTROL NUMBER
control field 1143370
005 - DATE AND TIME OF LATEST TRANSACTION
control field 20230324092910.0
008 - FIXED-LENGTH DATA ELEMENTS--GENERAL INFORMATION
fixed length control field 950519s1996 nyua b 001 0 eng
010 ## - LIBRARY OF CONGRESS CONTROL NUMBER
LC control number 95020395
020 ## - INTERNATIONAL STANDARD BOOK NUMBER
International Standard Book Number 0471034185 (cloth : alk. paper)
040 ## - CATALOGING SOURCE
Original cataloging agency DLC
Transcribing agency DLC
Modifying agency DLC
050 00 - LIBRARY OF CONGRESS CALL NUMBER
Classification number TL570
Item number .E75 1996
082 00 - DEWEY DECIMAL CLASSIFICATION NUMBER
Classification number 629.1323
Edition number 20
Author Mark ETK
100 1# - MAIN ENTRY--PERSONAL NAME
Personal name Etkin, Bernard.
9 (RLIN) 75225
245 10 - TITLE STATEMENT
Title Dynamics of flight :
Remainder of title stability and control /
Statement of responsibility, etc. Bernard Etkin, Lloyd Duff Reid.
250 ## - EDITION STATEMENT
Edition statement 3rd ed.
260 ## - PUBLICATION, DISTRIBUTION, ETC.
Place of publication, distribution, etc. New York :
Name of publisher, distributor, etc. Wiley,
Date of publication, distribution, etc. c1996.
300 ## - PHYSICAL DESCRIPTION
Extent xi, 382 p. :
Other physical details ill. ;
Dimensions 26 cm.
504 ## - BIBLIOGRAPHY, ETC. NOTE
Bibliography, etc. note Includes bibliographical references (p. 373-375) and index.
650 #0 - SUBJECT ADDED ENTRY--TOPICAL TERM
Topical term or geographic name entry element Aerodynamics.
9 (RLIN) 2589
650 #0 - SUBJECT ADDED ENTRY--TOPICAL TERM
Topical term or geographic name entry element Stability of airplanes.
9 (RLIN) 83795
700 1# - ADDED ENTRY--PERSONAL NAME
Personal name Reid, Lloyd D.
9 (RLIN) 111282
856 42 - ELECTRONIC LOCATION AND ACCESS
Materials specified Publisher description
Uniform Resource Identifier <a href="http://www.loc.gov/catdir/description/wiley033/95020395.html">http://www.loc.gov/catdir/description/wiley033/95020395.html</a>
856 4# - ELECTRONIC LOCATION AND ACCESS
Materials specified Table of Contents
Uniform Resource Identifier <a href="http://www.loc.gov/catdir/toc/onix04/95020395.html">http://www.loc.gov/catdir/toc/onix04/95020395.html</a>
906 ## - LOCAL DATA ELEMENT F, LDF (RLIN)
a 7
b cbc
c orignew
d 1
e ocip
f 19
g y-gencatlg
942 ## - ADDED ENTRY ELEMENTS (KOHA)
Source of classification or shelving scheme
Koha item type Book
Holdings
Withdrawn status Lost status Source of classification or shelving scheme Damaged status Not for loan Permanent Location Current Location Shelving location Date acquired Full call number Barcode Date last seen Price effective from Koha item type
          School of Mechanical & Manufacturing Engineering (SMME) School of Mechanical & Manufacturing Engineering (SMME) Aerospace Engineering 03/24/2023 629.1323 ETK SMME-3985 03/24/2023 03/24/2023 Book
© 2023 Central Library, National University of Sciences and Technology. All Rights Reserved.